Statistics for WWE Wrestlemania 32

Click here to take the quiz!

General Stats

  • This quiz has been taken 1,067 times
  • The average score is 17 of 28

Answer Stats

HintAnswerOpponent(s)% Correct
Next came the No Holds Barred Street Fight. Who won the match?Brock LesnarVs Dean Ambrose
82%
Who won the triple threat match to become the first WWE Womens Champion?CharlotteVs Becky Lynch and Sasha Banks
80%
Who is Charlotte's famous father?Ric Flair
79%
Who accompanied Brock Lesnar to the ring?Paul Heyman
78%
The show opened with the Intercontinental championship ladder match. Who won the match and became the Intercontinental champion for the first time?Zack RyderVs Kevin Owens, Dolph Ziggler, Sami Zayn, Sin Cara, Stardust and The Miz
77%
Which superstar made his Wrestlemania debut against Chris Jericho?AJ Styles
75%
The United States Champion retained the title in this pre-show matchKalistoVs Ryback
75%
Who fought The Undertaker inside Hell in a Cell to have control of Monday Night Raw?Shane McMahonVs The Undertaker
74%
Which three Hall of Famers came to the ring after this match?Steve Austin
72%
Which rapper performed during Sasha Banks' entrance?Snoop Dogg
71%
Which Hall of Famer announced that the winner of the triple threat match would be crowned the WWE Women's ChampionLita
70%
Next was the 3rd Andre the Giant Memorial Battle royal which was won byBaron CorbinTwenty Man over the top rope battle royal.
67%
Mick Foley
67%
Shawn Michaels
67%
The final match on the pre-show was a tag team match which was won byThe UsosVs The Dudley Boyz
67%
How many suplexes did Dean Ambrose recieve during the match?13
64%
Which superstar returned to help The Rock against an attack by The Wyatt Family?John Cena
64%
Who won the WWE World Heavyweight Championship at the end of the night?Roman ReignsVs Triple H
64%
Which former NBA player was a surprise entrant into the battle royal?Shaquille O'Neal
63%
The Rock returned and had a surprise match with which superstar?Erick Rowan
62%
Next was a six-man tag team match which was won byThe League of NationsVs The New Day
56%
How long did the match go on for?6 seconds
47%
Who did he eliminate to win?Kane
46%
Next came the 10-Diva tag team matchTeam Total DivasVs Team BAD and Blonde
45%
What was the main theme song of Wrestlemania 32?My HouseFlo Rida
31%
In which venue was the event held?AT&T Stadium
21%
Who opened the show with the singing of America the Beautiful?Fifth Harmony
18%
In what city was the event held?Arlington, Texas
16%

Score Distribution

Percentile by Number Answered

Percent of People with Each Score

Your Score History

You have not taken this quiz